Normal view
MARC view
- Mahathir Mohamad,
Entry Personal Name
001 - CONTROL NUMBER
- control field: 299
003 - CONTROL NUMBER IDENTIFIER
- control field: OSt
005 - DATE AND TIME OF LATEST TRANSACTION
- control field: 20170419100418.0
008 - FIXED-LENGTH DATA ELEMENTS
- fixed length control field: 170419|| aca||aabn | a|a d
040 ## - CATALOGING SOURCE
- Original cataloging agency: OSt
- Transcribing agency: OSt
100 ## - HEADING--PERSONAL NAME
- Personal name: Mahathir Mohamad,
- Titles and other words associated with a name: Dato' Seri,
- Dates associated with a name: 1925-
- General subdivision: Political and social views
670 ## - SOURCE DATA FOUND
- Source citation: Work cat.: (OSt)0: Encyclopedia of Dr. Mahathir bin Mohamad /, 2004

PORTAL AKMAL
E-MEL JKDM
AKMAL2U
G-BAM
u-PUSTAKA